[Event "Piestany op-B"]
[Site "Piestany"]
[Date "2023.07.15"]
[Round "5"]
[White "Andre, Tomas"]
[Black "Sabik, Robert"]
[Result "0-1"]
[WhiteElo "1632"]
[BlackElo "1942"]
[PlyCount "74"]
[EventDate "2023.07.11"]
[EventType "swiss"]
[EventRounds "9"]
[EventCountry "SVK"]
[SourceTitle "EXT 2024"]
[Source "ChessBase"]
[SourceDate "2023.10.10"]
[SourceVersion "1"]
[SourceVersionDate "2023.10.10"]
[SourceQuality "1"]

1. e4 c5 2. Nc3 d6 3. f4 Nc6 4. Bb5 Bd7 5. Bxc6 Bxc6 6. Nf3 g6 7. 0-0 Bg7 8. d3 Nh6 9. Qe1 0-0 10. Qg3 f5 11. Ng5 Qd7 12. h4 Ng4 13. h5 gxh5 14. Qh4 Rf6 15. Nd5 Rh6 16. c4 e6 17. Nc3 b5 18. Ne2 bxc4 19. dxc4 d5 20. Rd1 d4 21. e5 Qb7 22. Ng3 Bxg2 23. Nxh5 Bc6 24. Nxe6 Rxe6 25. Qg5 Rg6 26. Qh4 Ne3+ 27. Kf2 Nxd1+ 28. Ke1 Bf3 29. Qh2 Qe4+ 30. Kd2 Rg2+ 31. Qxg2 Bxg2 32. Ng3 Qxf4+ 33. Kxd1 Qxg3 34. Bd2 Qd3 35. b3 Bh6 36. Kc1 Qxd2+ 37. Kb1 Be4# 0-1

[Event "Piestany op-B"]
[Site "Piestany"]
[Date "2023.07.12"]
[Round "2"]
[White "Sabik, Robert"]
[Black "Navaratnam, Ishaan Quan Tze"]
[Result "0-1"]
[WhiteElo "1942"]
[BlackElo "1743"]
[PlyCount "38"]
[EventDate "2023.07.11"]
[EventType "swiss"]
[EventRounds "9"]
[EventCountry "SVK"]
[SourceTitle "EXT 2024"]
[Source "ChessBase"]
[SourceDate "2023.10.10"]
[SourceVersion "1"]
[SourceVersionDate "2023.10.10"]
[SourceQuality "1"]

1. d4 Nf6 2. Nf3 g6 3. c4 Bg7 4. Nc3 0-0 5. e4 d6 6. Be2 e5 7. d5 a5 8. h3 Na6 9. Be3 Nd7 10. g4 Ndc5 11. Rg1 Kh8 12. Qd2 f5 13. gxf5 gxf5 14. Rxg7 Kxg7 15. Bh6+ Kh8 16. Bxf8 Qxf8 17. exf5 Bxf5 18. 0-0-0 Nb4 19. Nh4 Nxa2+ 0-1

[Event "SVK-chT2B 1415"]
[Site "Slovakia"]
[Date "2014.11.09"]
[Round "4.3"]
[White "Blaho, Stefan"]
[Black "Sabik, Robert"]
[Result "1-0"]
[WhiteElo "2119"]
[BlackElo "1978"]
[PlyCount "87"]
[EventDate "2014.10.11"]
[EventType "team-tourn"]
[EventRounds "11"]
[EventCountry "SVK"]
[SourceTitle "EXT 2019"]
[Source "ChessBase"]
[SourceDate "2018.10.10"]
[SourceVersion "1"]
[SourceVersionDate "2018.10.10"]
[SourceQuality "1"]
[WhiteTeam "Podhajska Termal"]
[BlackTeam "Topolcianky SK"]
[WhiteTeamCountry "SVK"]
[BlackTeamCountry "SVK"]

1. d4 Nf6 2. c4 e6 3. Nf3 d5 4. Nc3 c6 5. e3 Be7 6. Qc2 Nbd7 7. Be2 0-0 8. 0-0 b6 9. e4 dxe4 10. Nxe4 c5 11. Rd1 cxd4 12. Nxd4 Qc7 13. Nb5 Qb8 14. Ned6 a6 15. Nxc8 Rxc8 16. Nd4 Ra7 17. b3 b5 18. Be3 Rac7 19. Qd2 bxc4 20. Bxc4 Bb4 21. Qe2 a5 22. Bf4 e5 23. Bxe5 Nxe5 24. Qxe5 Re8 25. Qg5 h6 26. Qb5 Rb7 27. Qf5 Bc3 28. Rac1 Bb2 29. Nc6 Qc7 30. Rc2 Be5 31. Qf3 Bxh2+ 32. Kh1 Qf4 33. Qxf4 Bxf4 34. Nxa5 Rbe7 35. g3 Bc7 36. Nc6 Re1+ 37. Rxe1 Rxe1+ 38. Kg2 Kf8 39. a4 Ra1 40. Re2 Bd6 41. Nd8 Rc1 42. Nb7 Ra1 43. a5 Ne8 44. Rd2 1-0

[Event "SVK-chT2B 1415"]
[Site "Slovakia"]
[Date "2014.10.11"]
[Round "1.3"]
[White "Pereszlenyi, Gejza"]
[Black "Sabik, Robert"]
[Result "0-1"]
[WhiteElo "1953"]
[BlackElo "1978"]
[PlyCount "94"]
[EventDate "2014.10.11"]
[EventType "team-tourn"]
[EventRounds "11"]
[EventCountry "SVK"]
[SourceTitle "EXT 2019"]
[Source "ChessBase"]
[SourceDate "2018.10.10"]
[SourceVersion "1"]
[SourceVersionDate "2018.10.10"]
[SourceQuality "1"]
[WhiteTeam "Nitra NSK II"]
[BlackTeam "Topolcianky SK"]
[WhiteTeamCountry "SVK"]
[BlackTeamCountry "SVK"]

1. c4 e5 2. Nc3 Nf6 3. g3 Bb4 4. Bg2 0-0 5. e3 Bxc3 6. bxc3 Qe7 7. a4 Re8 8. Ne2 Qe6 9. Qb3 Nc6 10. a5 Rb8 11. d4 exd4 12. cxd4 Qf5 13. Qa2 Nb4 14. Qb1 Nd3+ 15. Kd2 Qxf2 16. Qxd3 Qxg2 17. Rg1 Qf3 18. Ba3 Ng4 19. Rgf1 Qxe3+ 20. Qxe3 Nxe3 21. Rfc1 d6 22. Rc3 Ng4 23. h4 Nf6 24. Re3 Bg4 25. Re1 Rxe3 26. Kxe3 Re8+ 27. Kd3 Nh5 28. Kd2 Rxe2+ 29. Rxe2 Bxe2 30. Kxe2 Nxg3+ 31. Kf3 Nf5 32. Ke4 g6 33. c5 dxc5 34. Bxc5 b6 35. axb6 axb6 36. Bb4 c5 37. dxc5 bxc5 38. Be1 c4 39. h5 Kg7 40. hxg6 fxg6 41. Bc3+ Kh6 42. Kd5 Kg5 43. Kxc4 Kg4 44. Kd5 h5 45. Ke6 h4 46. Kf6 h3 47. Be5 Ng3 0-1

[Event "SVK-chT2B 1314"]
[Site "Slovakia"]
[Date "2014.02.22"]
[Round "8.6"]
[White "Blazek, Milos"]
[Black "Sabik, Robert"]
[Result "1/2-1/2"]
[WhiteElo "2047"]
[BlackElo "1951"]
[PlyCount "110"]
[EventDate "2013.10.19"]
[EventType "team-tourn"]
[EventRounds "11"]
[EventCountry "SVK"]
[SourceTitle "EXT 2015"]
[Source "ChessBase"]
[SourceDate "2014.11.20"]
[SourceVersion "1"]
[SourceVersionDate "2014.11.20"]
[SourceQuality "1"]
[WhiteTeam "Trencin II"]
[BlackTeam "Topolcianky"]
[WhiteTeamCountry "SVK"]
[BlackTeamCountry "SVK"]

1. e4 c5 2. Nf3 d6 3. d4 cxd4 4. Nxd4 Nf6 5. Nc3 a6 6. Bg5 Nbd7 7. f4 Qc7 8. g4 h6 9. Bxf6 gxf6 10. Qd2 Nb6 11. Rg1 Bd7 12. 0-0-0 e6 13. Kb1 0-0-0 14. h4 Be7 15. f5 Kb8 16. Qf2 Qc5 17. Rg2 d5 18. Nb3 Qxf2 19. Rxf2 dxe4 20. Nxe4 Bc6 21. Nc3 Rxd1+ 22. Nxd1 Rd8 23. Kc1 e5 24. Bg2 Bxg2 25. Rxg2 Nc4 26. Nd2 Nxd2 27. Rxd2 Kc7 28. Rxd8 Bxd8 29. Kd2 Kd6 30. Ke3 Bb6+ 31. Ke4 Bd4 32. c3 Bg1 33. b3 b5 34. b4 Bb6 35. Nb2 Bf2 36. c4 bxc4 37. Nxc4+ Ke7 38. a4 Bxh4 39. b5 axb5 40. axb5 Kd7 41. Kd5 Bf2 42. Nd6 Kc7 43. Nxf7 Kb6 44. Nd6 Bh4 45. Ke6 Kc5 46. Ne4+ Kxb5 47. Nxf6 Bxf6 48. Kxf6 e4 49. Kg7 e3 50. f6 e2 51. f7 e1Q 52. f8Q Qe3 53. Qf5+ Kc4 54. Qg6 Kb5 55. Qxh6 Qd4+ 1/2-1/2

[Event "SVK-chT2B 1213"]
[Site "Slovakia"]
[Date "2013.03.17"]
[Round "11.6"]
[White "Mikus, Teodor"]
[Black "Sabik, Robert"]
[Result "0-1"]
[WhiteElo "1928"]
[BlackElo "1942"]
[PlyCount "80"]
[EventDate "2012.10.13"]
[EventType "team-tourn"]
[EventRounds "11"]
[EventCountry "SVK"]
[SourceTitle "EXT 2015"]
[Source "ChessBase"]
[SourceDate "2014.11.20"]
[SourceVersion "1"]
[SourceVersionDate "2014.11.20"]
[SourceQuality "1"]
[WhiteTeam "Prievidza II"]
[BlackTeam "Topolcianky"]
[WhiteTeamCountry "SVK"]
[BlackTeamCountry "SVK"]

1. e4 c5 2. Nf3 d6 3. d4 cxd4 4. Nxd4 Nf6 5. Nc3 a6 6. Bd3 e5 7. Nde2 Be7 8. Ng3 0-0 9. 0-0 Bg4 10. Qe1 Nbd7 11. h3 Be6 12. Be3 b5 13. a3 Qc7 14. Rd1 Nb6 15. b3 Rfc8 16. Nce2 d5 17. Bc1 dxe4 18. Nxe4 Bd5 19. N2g3 Nxe4 20. Nxe4 f5 21. Ng3 g6 22. Be3 Bb7 23. Bxb6 Qc6 24. f3 Qxb6+ 25. Kh1 Qc5 26. c4 Bh4 27. b4 Qc7 28. cxb5 f4 29. Qd2 Bxg3 30. Qa2+ Qf7 31. Qb2 Qe6 32. bxa6 Bxa6 33. b5 Bb7 34. Qb4 Bh4 35. a4 Be7 36. Qb2 Rxa4 37. Rfe1 Bd6 38. Bc2 Rb4 39. Qc1 Bxf3 40. Rxd6 Qxh3+ 0-1

[Event "SVK-chT2B 1213"]
[Site "Slovakia"]
[Date "2012.12.02"]
[Round "4"]
[White "Spik, Peter"]
[Black "Sabik, Robert"]
[Result "1-0"]
[WhiteElo "2086"]
[BlackElo "1942"]
[PlyCount "67"]
[EventDate "2012.10.13"]
[EventType "team-tourn"]
[EventRounds "11"]
[EventCountry "SVK"]
[SourceTitle "EXT 2015"]
[Source "ChessBase"]
[SourceDate "2014.11.20"]
[SourceVersion "1"]
[SourceVersionDate "2014.11.20"]
[SourceQuality "1"]
[WhiteTeam "Sala"]
[BlackTeam "Topolcianky"]
[WhiteTeamCountry "SVK"]
[BlackTeamCountry "SVK"]

1. d4 Nf6 2. c4 e6 3. Nc3 Bb4 4. Bd2 c5 5. e3 0-0 6. Nf3 b6 7. Bd3 Bb7 8. 0-0 h6 9. Qc2 Bxf3 10. gxf3 cxd4 11. exd4 d5 12. cxd5 exd5 13. Kh1 Kh8 14. Rg1 Rg8 15. Rg2 Nc6 16. Be3 Rc8 17. Bf5 Ra8 18. Rag1 Bf8 19. Qd2 Ne7 20. Bb1 Qd7 21. Bf4 Nh5 22. Be5 f6 23. Qd3 g6 24. Bg3 Nf5 25. Ne2 Rc8 26. Nf4 Nxf4 27. Bxf4 Qf7 28. Qa6 Nh4 29. Qxc8 Nxg2 30. Rxg2 Bd6 31. Qg4 h5 32. Qg3 g5 33. Bxd6 Qe6 34. Bb4 1-0

[Event "SVK-chT2B 1112"]
[Site "Slovakia"]
[Date "2012.01.07"]
[Round "7.1"]
[White "Sabik, Robert"]
[Black "Pytlik, Pavol"]
[Result "0-1"]
[WhiteElo "1968"]
[BlackElo "2082"]
[PlyCount "78"]
[EventDate "2011.10.08"]
[EventType "team-tourn"]
[EventRounds "11"]
[EventCountry "SVK"]
[SourceTitle "EXT 2013"]
[Source "ChessBase"]
[SourceDate "2012.11.22"]
[SourceVersion "1"]
[SourceVersionDate "2012.11.22"]
[SourceQuality "1"]
[WhiteTeam "Topolcianky SK"]
[BlackTeam "Trencin SK II"]
[WhiteTeamCountry "SVK"]
[BlackTeamCountry "SVK"]

1. d4 Nf6 2. Nf3 g6 3. c4 Bg7 4. Nc3 0-0 5. e4 d6 6. Be2 e5 7. 0-0 Nc6 8. d5 Ne7 9. Ne1 Nd7 10. Be3 f5 11. f3 f4 12. Bf2 g5 13. b4 Nf6 14. c5 Ng6 15. Rc1 Rf7 16. cxd6 cxd6 17. Nb5 Bf8 18. a4 h5 19. Nc2 g4 20. Kh1 Bh6 21. Nca3 g3 22. Bg1 gxh2 23. Bf2 a6 24. Nc3 h4 25. Re1 Nh5 26. Nc4 Ng3+ 27. Kxh2 h3 28. Nb6 Qg5 29. Nxc8 hxg2 30. Nxd6 Rh7 31. Bc4 Bf8+ 32. Kxg2 Nh4+ 33. Kg1 Bxd6 34. Rc2 Nxe4+ 35. Kf1 Qg2+ 36. Ke2 Qxf3+ 37. Kf1 Qg2+ 38. Ke2 Qxf2+ 39. Kd3 Qd4+ 0-1

[Event "SVK-chT2B 1112"]
[Site "Slovakia"]
[Date "2011.11.06"]
[Round "4.2"]
[White "Nikel, Rastislav"]
[Black "Sabik, Robert"]
[Result "1/2-1/2"]
[WhiteElo "1997"]
[BlackElo "1968"]
[PlyCount "88"]
[EventDate "2011.10.08"]
[EventType "team-tourn"]
[EventRounds "11"]
[EventCountry "SVK"]
[SourceTitle "EXT 2013"]
[Source "ChessBase"]
[SourceDate "2012.11.22"]
[SourceVersion "1"]
[SourceVersionDate "2012.11.22"]
[SourceQuality "1"]
[WhiteTeam "Levice"]
[BlackTeam "Topolcianky SK"]
[WhiteTeamCountry "SVK"]
[BlackTeamCountry "SVK"]

1. e4 c5 2. Nf3 d6 3. c3 Nf6 4. Qc2 Qc7 5. Bc4 a6 6. d4 b5 7. Bd3 e5 8. Be3 Bb7 9. d5 c4 10. Be2 Nbd7 11. Nbd2 Ng4 12. Bg5 h6 13. Bh4 Ngf6 14. 0-0 Be7 15. Ne1 g5 16. Bg3 h5 17. h4 Ng4 18. Ndf3 f6 19. b4 Nb6 20. Qd2 Rg8 21. Nc2 Bc8 22. Ne3 Bd7 23. Nh2 gxh4 24. Bxh4 0-0-0 25. f4 exf4 26. Nexg4 Bxg4 27. Nxg4 hxg4 28. Rxf4 f5 29. Bxe7 Qxe7 30. exf5 Qe5 31. Bxg4 Nxd5 32. Rd4 Nf6 33. Bf3 d5 34. Qf4 Rde8 35. Rad1 Ne4 36. Qxe5 Rxe5 37. Rxd5 Rxd5 38. Rxd5 Nxc3 39. Rd2 Rd8 40. Bb7+ Kc7 41. Rxd8 Kxd8 42. Bxa6 Nxa2 43. Bxb5 c3 44. Ba4 Nxb4 1/2-1/2

[Event "SVK-chT2B 10/11"]
[Site "Slovakia"]
[Date "2011.02.06"]
[Round "7.6"]
[White "Sabik, Robert"]
[Black "Kunovsky, Daniel"]
[Result "1/2-1/2"]
[WhiteElo "1976"]
[BlackElo "2046"]
[PlyCount "53"]
[EventDate "2010.10.23"]
[EventType "team-tourn"]
[EventRounds "11"]
[EventCountry "SVK"]
[SourceTitle "EXT 2019"]
[Source "ChessBase"]
[SourceDate "2018.10.10"]
[SourceVersion "1"]
[SourceVersionDate "2018.10.10"]
[SourceQuality "1"]
[WhiteTeam "Topolcianky SK"]
[BlackTeam "Sala Slovan Duslo"]
[WhiteTeamCountry "SVK"]
[BlackTeamCountry "SVK"]

1. d4 Nf6 2. Nf3 g6 3. c4 Bg7 4. Nc3 d5 5. Qb3 dxc4 6. Qxc4 0-0 7. Bf4 c6 8. e4 b5 9. Qd3 b4 10. Ne2 c5 11. e5 Ba6 12. Qd2 Nd5 13. dxc5 Nxf4 14. Nxf4 Bxf1 15. Qxd8 Rxd8 16. Rxf1 Nc6 17. Ke2 Nxe5 18. Nxe5 Bxe5 19. Nd3 Bd4 20. Rac1 a5 21. Rc4 e5 22. f3 f5 23. c6 Rac8 24. Rfc1 e4 25. fxe4 fxe4 26. Nf2 Bxf2 27. Kxf2 1/2-1/2

[Event "SVK-chT2B 0910"]
[Site "Slovakia"]
[Date "2010.02.27"]
[Round "10"]
[White "Sajtlava, Igor"]
[Black "Sabik, Robert"]
[Result "0-1"]
[WhiteElo "1947"]
[BlackElo "1993"]
[PlyCount "78"]
[EventDate "2009.10.10"]
[EventType "team"]
[EventRounds "11"]
[EventCountry "SVK"]
[SourceTitle "EXT 2011"]
[Source "ChessBase"]
[SourceDate "2010.11.26"]
[SourceVersion "1"]
[SourceVersionDate "2010.11.26"]
[SourceQuality "1"]
[WhiteTeam "Belusa"]
[BlackTeam "Topolcianky"]
[WhiteTeamCountry "SVK"]
[BlackTeamCountry "SVK"]

1. c4 Nf6 2. Nc3 e5 3. Nf3 Nc6 4. d3 g6 5. g3 Bg7 6. Bg2 0-0 7. 0-0 d6 8. e3 Be6 9. Rb1 h6 10. b3 d5 11. Bb2 Re8 12. Ne2 e4 13. dxe4 dxc4 14. Nfd4 cxb3 15. axb3 Bd7 16. f3 Nb4 17. Nc2 a5 18. Nc3 c5 19. Qd2 Bc6 20. Rfd1 Qxd2 21. Rxd2 Rad8 22. Rxd8 Rxd8 23. Nxb4 axb4 24. Rd1 Rxd1+ 25. Nxd1 Bb5 26. Bf1 Bxf1 27. Kxf1 Nd7 28. Ke2 b5 29. Bxg7 Kxg7 30. f4 f6 31. Kd3 Kf7 32. g4 Ke7 33. h4 Kd6 34. Nb2 Nb6 35. Nd1 c4+ 36. bxc4 bxc4+ 37. Kc2 Na4 38. Nb2 Nxb2 39. Kxb2 g5 0-1

[Event "SVK-chT2B 0910"]
[Site "Slovakia"]
[Date "2010.02.08"]
[Round "9"]
[White "Vrbica, Ladislav"]
[Black "Sabik, Robert"]
[Result "1/2-1/2"]
[WhiteElo "1996"]
[BlackElo "1993"]
[PlyCount "34"]
[EventDate "2009.10.10"]
[EventType "team"]
[EventRounds "11"]
[EventCountry "SVK"]
[SourceTitle "EXT 2011"]
[Source "ChessBase"]
[SourceDate "2010.11.26"]
[SourceVersion "1"]
[SourceVersionDate "2010.11.26"]
[SourceQuality "1"]
[WhiteTeam "Bystrica SKS II"]
[BlackTeam "Topolcianky"]
[WhiteTeamCountry "SVK"]
[BlackTeamCountry "SVK"]

1. c4 Nf6 2. g3 c5 3. Bg2 g6 4. Nc3 Nc6 5. Nf3 Bg7 6. 0-0 0-0 7. d4 cxd4 8. Nxd4 a6 9. Bg5 h6 10. Bf4 Qb6 11. Nb3 d6 12. Be3 Qd8 13. Nd4 Bd7 14. b3 Ng4 15. Qd2 Nxe3 16. fxe3 Rb8 17. Rad1 Ne5 1/2-1/2

[Event "SVK-chT2B 0910"]
[Site "Slovakia"]
[Date "2010.02.06"]
[Round "8"]
[White "Sabik, Robert"]
[Black "Hlinka, Miroslav"]
[Result "1-0"]
[WhiteElo "1993"]
[BlackElo "2082"]
[PlyCount "57"]
[EventDate "2009.10.10"]
[EventType "team"]
[EventRounds "11"]
[EventCountry "SVK"]
[SourceTitle "EXT 2011"]
[Source "ChessBase"]
[SourceDate "2010.11.26"]
[SourceVersion "1"]
[SourceVersionDate "2010.11.26"]
[SourceQuality "1"]
[WhiteTeam "Topolcianky"]
[BlackTeam "Bystrica SKS"]
[WhiteTeamCountry "SVK"]
[BlackTeamCountry "SVK"]

1. d4 Nf6 2. Nf3 d5 3. c4 e6 4. Nc3 c6 5. e3 Bd6 6. Bd3 Nbd7 7. 0-0 0-0 8. e4 e5 9. cxd5 cxd5 10. exd5 exd4 11. Nxd4 Ne5 12. Bf5 Bc5 13. Bxc8 Rxc8 14. Nf3 Ng6 15. Bg5 Bb4 16. Ne4 Be7 17. d6 Nxe4 18. dxe7 Nxe7 19. Qxd8 Rfxd8 20. Bxe7 Rd7 21. Rac1 Rxc1 22. Rxc1 f6 23. Bb4 g5 24. h3 Kf7 25. Kf1 h5 26. Re1 g4 27. hxg4 hxg4 28. Ne5+ fxe5 29. Rxe4 1-0

[Event "SVK-chT2B 0809"]
[Site "Slovakia"]
[Date "2009.01.31"]
[Round "8.3"]
[White "Goth, Gabriel"]
[Black "Sabik, Robert"]
[Result "0-1"]
[WhiteElo "1979"]
[BlackElo "2003"]
[PlyCount "57"]
[EventDate "2008.10.11"]
[EventType "team-tourn"]
[EventRounds "11"]
[EventCountry "SVK"]
[SourceTitle "EXT 2010"]
[Source "ChessBase"]
[SourceDate "2010.11.25"]
[SourceVersion "1"]
[SourceVersionDate "2010.11.25"]
[SourceQuality "1"]
[WhiteTeam "Komarno KSC II"]
[BlackTeam "Topolcianky SK"]
[WhiteTeamCountry "SVK"]
[BlackTeamCountry "SVK"]

1. e4 c5 2. Nf3 d6 3. d4 cxd4 4. Nxd4 Nf6 5. Nc3 a6 6. Be3 e5 7. Nb3 Be6 8. f3 Nbd7 9. Qd2 b5 10. g4 Nb6 11. Bxb6 Qxb6 12. h4 b4 13. Nd5 Bxd5 14. exd5 a5 15. Bc4 Be7 16. Qe2 0-0 17. Rd1 Rfc8 18. Nc1 a4 19. b3 Ra5 20. g5 Nh5 21. Qf2 Qb7 22. Ne2 Bd8 23. Rh3 Bb6 24. Qg2 Be3 25. Qg4 g6 26. Qe4 Qb6 27. Rd3 Bf2+ 28. Kf1 f5 29. gxf6 0-1

[Event "SVK-chT2B 0809"]
[Site "Slovakia"]
[Date "2008.11.09"]
[Round "4.6"]
[White "Sabik, Robert"]
[Black "Malinovsky, Jozef"]
[Result "0-1"]
[WhiteElo "2003"]
[BlackElo "1968"]
[PlyCount "72"]
[EventDate "2008.10.11"]
[EventType "team-tourn"]
[EventRounds "11"]
[EventCountry "SVK"]
[SourceTitle "EXT 2010"]
[Source "ChessBase"]
[SourceDate "2010.11.25"]
[SourceVersion "1"]
[SourceVersionDate "2010.11.25"]
[SourceQuality "1"]
[WhiteTeam "Topolcianky SK"]
[BlackTeam "Belusa Hermes"]
[WhiteTeamCountry "SVK"]
[BlackTeamCountry "SVK"]

1. d4 d5 2. Nf3 Bf5 3. c4 Nf6 4. cxd5 Bxb1 5. Rxb1 Qxd5 6. a3 e6 7. e3 c6 8. Bd3 Nbd7 9. b4 a6 10. Qc2 Qd6 11. Bb2 Be7 12. e4 Qb8 13. 0-0 g6 14. d5 cxd5 15. exd5 exd5 16. Rfe1 Qd6 17. Qe2 Kf8 18. Qe3 h6 19. Ne5 Nxe5 20. Bxe5 Qd8 21. Qd4 Kg7 22. Rbc1 Bd6 23. f4 Re8 24. Bb1 Bb8 25. Bxf6+ Qxf6 26. Qxd5 Rxe1+ 27. Rxe1 Qxf4 28. g3 Ba7+ 29. Kg2 Qf2+ 30. Kh3 Qxe1 31. Qxb7 Qf1+ 32. Kh4 g5+ 33. Kg4 Qe2+ 34. Kh3 Qe6+ 35. Kg2 Rd8 36. Qxa7 Rd2+ 0-1

[Event "SVK-chT2B 0809"]
[Site "Slovakia"]
[Date "2008.10.11"]
[Round "1.5"]
[White "Mikus, Teodor"]
[Black "Sabik, Robert"]
[Result "0-1"]
[WhiteElo "1974"]
[BlackElo "2003"]
[PlyCount "74"]
[EventDate "2008.10.11"]
[EventType "team-tourn"]
[EventRounds "11"]
[EventCountry "SVK"]
[SourceTitle "EXT 2010"]
[Source "ChessBase"]
[SourceDate "2010.11.25"]
[SourceVersion "1"]
[SourceVersionDate "2010.11.25"]
[SourceQuality "1"]
[WhiteTeam "Prievidza SK II"]
[BlackTeam "Topolcianky SK"]
[WhiteTeamCountry "SVK"]
[BlackTeamCountry "SVK"]

1. e4 c5 2. Nf3 d6 3. d4 cxd4 4. Nxd4 Nf6 5. Nc3 a6 6. Be2 e5 7. Nf3 Be7 8. Bg5 Nbd7 9. Nd2 b5 10. a3 Bb7 11. 0-0 Nc5 12. Bf3 0-0 13. Qe2 Ne6 14. Be3 Nd4 15. Bxd4 exd4 16. Na2 Nd7 17. Nb3 Bf6 18. Rad1 Qb6 19. Qd2 Nc5 20. Nxd4 Nxe4 21. Bxe4 Bxe4 22. Nc3 Bb7 23. Nf5 Qc6 24. f3 Qc5+ 25. Nd4 Rfe8 26. Kh1 Rac8 27. Nce2 Bg5 28. Qb4 g6 29. c3 Re3 30. Ng3 h5 31. Nc2 Re6 32. Nd4 Re7 33. Rfe1 Rce8 34. Rxe7 Rxe7 35. Nb3 Qf2 36. Nd4 h4 37. Rf1 Re1 0-1

[Event "SVK-chT2B 0708"]
[Site "Slovakia"]
[Date "2008.02.02"]
[Round "8.1"]
[White "Sabik, Robert"]
[Black "Bottyan, Peter"]
[Result "0-1"]
[WhiteElo "2040"]
[BlackElo "2196"]
[PlyCount "94"]
[EventDate "2007.10.06"]
[EventType "team-tourn"]
[EventRounds "11"]
[EventCountry "SVK"]
[SourceTitle "EXT 2010"]
[Source "ChessBase"]
[SourceDate "2010.11.25"]
[SourceVersion "1"]
[SourceVersionDate "2010.11.25"]
[SourceQuality "1"]
[WhiteTeam "Topolcianky SK"]
[BlackTeam "Komarno KSC II"]
[WhiteTeamCountry "SVK"]
[BlackTeamCountry "SVK"]

1. d4 Nf6 2. c4 Nc6 3. d5 Ne5 4. Qc2 e6 5. e4 Bc5 6. Nc3 Nfg4 7. Nd1 0-0 8. h3 Nf6 9. Be2 Qe7 10. Bg5 h6 11. Bh4 Ng6 12. Bxf6 Qxf6 13. Nf3 Bb4+ 14. Nc3 exd5 15. cxd5 Nf4 16. e5 Qg6 17. Qxg6 fxg6 18. Kf1 d6 19. Bc4 dxe5 20. Nxe5 Bd6 21. Nd3 Bd7 22. Re1 Rae8 23. Rxe8 Rxe8 24. Nxf4 Bxf4 25. g3 Bd6 26. Kg2 a6 27. Rd1 b5 28. Bd3 Bf5 29. f3 Re3 30. Bxf5 gxf5 31. Rd2 Bb4 32. Kf2 Bc5 33. Kg2 g6 34. a3 Bxa3 35. Nxb5 axb5 36. bxa3 Rxa3 37. Rb2 Ra5 38. Kf2 Kf7 39. Ke3 Ke7 40. Rb3 Kd6 41. Rc3 Ra6 42. Kd4 Ra4+ 43. Ke3 Rc4 44. Rxc4 bxc4 45. Kd4 c3 46. Kxc3 Kxd5 47. h4 h5 0-1

[Event "SVK-chT2B 0708"]
[Site "Slovakia"]
[Date "2007.10.06"]
[Round "1.5"]
[White "Marko, Anton"]
[Black "Sabik, Robert"]
[Result "1-0"]
[WhiteElo "2119"]
[BlackElo "2040"]
[PlyCount "76"]
[EventDate "2007.10.06"]
[EventType "team-tourn"]
[EventRounds "11"]
[EventCountry "SVK"]
[SourceTitle "EXT 2010"]
[Source "ChessBase"]
[SourceDate "2010.11.25"]
[SourceVersion "1"]
[SourceVersionDate "2010.11.25"]
[SourceQuality "1"]
[WhiteTeam "Partizanske SK Neomax"]
[BlackTeam "Topolcianky SK"]
[WhiteTeamCountry "SVK"]
[BlackTeamCountry "SVK"]

1. c4 Nf6 2. Nf3 e6 3. g3 b6 4. Bg2 Bb7 5. 0-0 Be7 6. d4 d5 7. Ne5 0-0 8. Nc3 Nbd7 9. Qa4 Nxe5 10. dxe5 Nd7 11. cxd5 exd5 12. Nxd5 Bc5 13. Nf6+ gxf6 14. Bh6 Nxe5 15. Bxb7 Re8 16. Rad1 Qe7 17. Bxa8 Rxa8 18. Rd5 Qe6 19. Rfd1 Bd6 20. R5d4 f5 21. Bf4 f6 22. Kg2 Qf7 23. b4 a5 24. b5 Rd8 25. Qc2 Qh5 26. f3 Rd7 27. Rxd6 Rxd6 28. Rxd6 cxd6 29. Qc8+ Kg7 30. Qc7+ Qf7 31. Qxd6 Qxa2 32. Kf2 Qb2 33. Bh6+ Kg6 34. Qxb6 Nxf3 35. Kxf3 Kxh6 36. Qxa5 Qe5 37. Qd2+ Kg6 38. Qd3 Qe6 1-0

[Event "SVK-ch op-A"]
[Site "Banska Stiavnica"]
[Date "2007.07.15"]
[Round "9.33"]
[White "Gutman, Petr"]
[Black "Sabik, Robert"]
[Result "1-0"]
[WhiteElo "2172"]
[BlackElo "2050"]
[PlyCount "57"]
[EventDate "2007.07.07"]
[EventType "swiss"]
[EventRounds "9"]
[EventCountry "SVK"]
[SourceTitle "EXT 2010"]
[Source "ChessBase"]
[SourceDate "2010.11.25"]
[SourceVersion "1"]
[SourceVersionDate "2010.11.25"]
[SourceQuality "1"]

1. c4 Nf6 2. Nc3 e6 3. e4 d6 4. g3 Be7 5. Bg2 0-0 6. Nge2 c5 7. 0-0 Nc6 8. d3 Rb8 9. f4 a6 10. h3 Qc7 11. g4 b5 12. Ng3 Rd8 13. g5 Ne8 14. h4 b4 15. Nce2 d5 16. exd5 exd5 17. cxd5 Nd4 18. f5 Bd6 19. Nxd4 cxd4 20. Ne4 Be5 21. f6 g6 22. Bd2 Rxd5 23. Rc1 Qb6 24. h5 Be6 25. hxg6 hxg6 26. Qe1 Bc7 27. Qh4 Rf5 28. Rxf5 Bxf5 29. Kf2 1-0

[Event "SVK-chT2B 0607"]
[Site "Slovakia"]
[Date "2007.03.18"]
[Round "11.4"]
[White "Torotto, Antal"]
[Black "Sabik, Robert"]
[Result "1/2-1/2"]
[WhiteElo "2130"]
[BlackElo "2042"]
[PlyCount "107"]
[EventDate "2006.10.14"]
[EventType "team-tourn"]
[EventRounds "11"]
[EventCountry "SVK"]
[SourceTitle "EXT 2008"]
[Source "ChessBase"]
[SourceDate "2007.11.25"]
[SourceVersion "1"]
[SourceVersionDate "2007.11.25"]
[SourceQuality "1"]
[WhiteTeam "Batorove Kosihy"]
[BlackTeam "Topolcianky"]
[WhiteTeamCountry "SVK"]
[BlackTeamCountry "SVK"]

1. e4 c5 2. Nf3 Nc6 3. Bb5 g6 4. 0-0 Bg7 5. Re1 e5 6. c3 Nge7 7. a4 0-0 8. Na3 d5 9. exd5 Qxd5 10. Bc4 Qd8 11. Rb1 Bf5 12. d3 Qd7 13. Be3 b6 14. Qe2 e4 15. dxe4 Bxe4 16. Rbd1 Qg4 17. h3 Qh5 18. Ng5 Qxe2 19. Rxe2 Bf5 20. g4 Bc8 21. Bf4 h6 22. Ne4 Na5 23. Ba2 Bb7 24. b4 cxb4 25. cxb4 Nac6 26. Nd6 Rad8 27. Rde1 Rd7 28. Nxb7 Rxb7 29. b5 Nb4 30. Rxe7 Rxe7 31. Rxe7 Nxa2 32. Rxa7 Nc3 33. Bc7 Re8 34. Bxb6 Re1+ 35. Kg2 Ra1 36. Nc2 Rxa4 37. Rxa4 Nxa4 38. Bd4 Bxd4 39. Nxd4 Kf8 40. Kf3 Ke7 41. Ke4 Kd6 42. h4 f6 43. h5 gxh5 44. gxh5 Kc5 45. Ne6+ Kxb5 46. Kf5 Nc3 47. f4 Kc6 48. Kxf6 Kd5 49. Ng7 Ne2 50. f5 Nf4 51. Ke7 Ke5 52. Kf7 Nxh5 53. Kg6 Nxg7 54. Kxh6 1/2-1/2